Некоторые особенности метода амперометрического титрования с двумя индикаторными электродами: автореферат диссертации на соискание ученой степени кандидата химических наук

Dettagli Bibliografici
Autore principale: Савицкая И. С.
Ente Autore: Казахский государственный университет (КазГУ)
Altri autori: Сонгина О. А. (научный руководитель)
Riassunto:Защита сост. в мае 1963 г.
Lingua:russo
Pubblicazione: Алма-Ата, [Б. и.], 1963
Soggetti:
Natura: MixedMaterials Libro
KOHA link:https://koha.lib.tpu.ru/cgi-bin/koha/opac-detail.pl?biblionumber=340568

MARC

LEADER 00000nam0a2200000 4500
001 340568
005 20231102005243.0
035 |a (RuTPU)RU\TPU\book\367473 
090 |a 340568 
100 |a 20180403d1963 k y0rusy50 ca 
101 0 |a rus 
102 |a KZ 
105 |a a dm 001zy 
200 1 |a Некоторые особенности метода амперометрического титрования с двумя индикаторными электродами  |e автореферат диссертации на соискание ученой степени кандидата химических наук  |f И. С. Савицкая  |g Казахский государственный университет (КазГУ) ; науч. рук. О. А. Сонгина 
210 |a Алма-Ата  |c [Б. и.]  |d 1963 
215 |a 19 с.  |c ил. 
300 |a Защита сост. в мае 1963 г. 
320 |a Библиогр.: с. 19 (11 назв.) 
606 1 |a Титрование амперометрическое  |2 stltpush  |3 (RuTPU)RU\TPU\subj\60752  |9 77981 
610 1 |a библиотека А. Г. Стромберга 
610 1 |a индикаторные электроды 
610 1 |a применение 
610 1 |a асимметрические кривые 
610 1 |a раздельное определение 
610 1 |a электродное восстановление 
610 1 |a авторефераты диссертаций 
675 |a 543.553(04)  |v 4 
700 1 |a Савицкая  |b И. С. 
702 1 |a Сонгина  |b О. А.  |4 727 
712 0 2 |a Казахский государственный университет (КазГУ)  |c (Алма-Ата)  |2 stltpush  |3 (RuTPU)RU\TPU\col\8922 
801 1 |a RU  |b 63413507  |c 20180403 
801 2 |a RU  |b 63413507  |c 20180522  |g RCR 
942 |c BK